000
00292nam a22001337a 4500
003
SGT
082
_a
340.095484,RAO
100
_a
RAO,KVR
245
_a
PLEADINGS AND PRACTICE IN ANDHRA PRADESH
260
_a
HYDRABAD
_b
ALD PUBLISHERS
_c
2001
300
_a
703
650
_a
LAW
942
_2
ddc
_c
BK
999
_c
9656
_d
9656